000 00542nam a2200193Ia 4500
005 20250326144106.0
008 250326s9999 xx 000 0 und d
020 _a81-203-2843-4
037 _aTextbook
040 _aFMSL
_beng
_cFMSL
041 _aeng
_2eng
084 _aX:8 P5
_qFMSL
100 _aGovindranjan M
_9749011
245 0 _aPrinciples of management
_cGovindranjan M; Natrajan S
260 _aNew Delhi
_bNew Delhi, Prentice-Hall
_c2006
300 _axvi,189
942 _cTB
_hX:8 P5
999 _c1302324
_d1302324